[Event "Europe Echecs Blitz Nov op"]
[Site "Europe Echecs INT"]
[Date "2020.11.08"]
[Round "3"]
[White "Hejazipour, Mitra"]
[Black "Rousval, Yann"]
[Result "1-0"]
[WhiteElo "2319"]
[BlackElo "1656"]
[PlyCount "57"]
[EventDate "2020.11.08"]
[EventType "swiss (blitz)"]
[EventRounds "11"]
[EventCountry "FRA"]
[SourceTitle "CBM 199 Extra"]
[Source "ChessBase"]
[SourceDate "2021.01.31"]
[SourceVersion "1"]
[SourceVersionDate "2021.01.31"]
[SourceQuality "1"]

1. Nf3 d6 2. b3 Nf6 3. Bb2 g6 4. d4 Bg7 5. c4 Bg4 6. Nbd2 Nbd7 7. g3 0-0 8. Bg2 c5 9. 0-0 cxd4 10. Nxd4 Rb8 11. h3 Be6 12. Nxe6 fxe6 13. Qc2 e5 14. Rad1 Rc8 15. Qb1 Rb8 16. Qc2 Qb6 17. e3 Rf7 18. Ne4 Rbf8 19. Ng5 h5 20. Qxg6 Nc5 21. Bd5 e6 22. Nxe6 Nxd5 23. Rxd5 Nxe6 24. Qxe6 Kh8 25. Rxd6 Qxe3 26. Qxf7 Qe2 27. Qg6 Kg8 28. Rd7 Qf3 29. Qxg7# 1-0

[Event "Europe Echecs Blitz Nov op"]
[Site "Europe Echecs INT"]
[Date "2020.11.08"]
[Round "11"]
[White "Partac, Elena"]
[Black "Rousval, Yann"]
[Result "1-0"]
[WhiteElo "2079"]
[BlackElo "1656"]
[PlyCount "33"]
[EventDate "2020.11.08"]
[EventType "swiss (blitz)"]
[EventRounds "11"]
[EventCountry "FRA"]
[SourceTitle "CBM 199 Extra"]
[Source "ChessBase"]
[SourceDate "2021.01.31"]
[SourceVersion "1"]
[SourceVersionDate "2021.01.31"]
[SourceQuality "1"]

1. e4 d5 2. exd5 Qxd5 3. Nc3 Qd6 4. g3 a6 5. Bg2 Nf6 6. d4 Nc6 7. Nge2 Bf5 8. Bf4 Qd7 9. d5 Na7 10. Nd4 0-0-0 11. Nxf5 Qxf5 12. Qf3 Qxc2 13. 0-0 Nb5 14. Nxb5 axb5 15. Rac1 Qxb2 16. Rxc7+ Kb8 17. d6 1-0

[Event "Europe Echecs Blitz Nov op"]
[Site "Europe Echecs INT"]
[Date "2020.11.08"]
[Round "6"]
[White "Rousval, Yann"]
[Black "Fondrat, Johan"]
[Result "0-1"]
[WhiteElo "1656"]
[BlackElo "1509"]
[PlyCount "80"]
[EventDate "2020.11.08"]
[EventType "swiss (blitz)"]
[EventRounds "11"]
[EventCountry "FRA"]
[SourceTitle "CBM 199 Extra"]
[Source "ChessBase"]
[SourceDate "2021.01.31"]
[SourceVersion "1"]
[SourceVersionDate "2021.01.31"]
[SourceQuality "1"]

1. d4 d5 2. Bf4 Bf5 3. Nf3 Nf6 4. Nbd2 g6 5. e3 Bg7 6. Bb5+ c6 7. Ba4 Nh5 8. Bxb8 Rxb8 9. h3 Nf6 10. Qe2 b5 11. Bb3 a5 12. c3 a4 13. Bd1 b4 14. Bxa4 Qb6 15. Ne5 Bd7 16. 0-0 bxc3 17. bxc3 Rc8 18. Rab1 Qa5 19. Bb3 Qxc3 20. Rfc1 Qa5 21. Rc5 Qa8 22. Rbc1 0-0 23. Ndf3 Qb7 24. R1c3 Ne4 25. Rc2 Nxc5 26. Rxc5 f6 27. Nd3 Ra8 28. e4 e6 29. exd5 exd5 30. Nf4 Rae8 31. Qc2 Qa6 32. Kh2 Rf7 33. Nd3 Rfe7 34. Nb4 Qa8 35. Nxc6 Bxc6 36. Rxc6 Re2 37. Bxd5+ Kh8 38. Qc5 Qb8+ 39. Kg1 Re1+ 40. Nxe1 Rxe1# 0-1

[Event "Europe Echecs Blitz Nov op"]
[Site "Europe Echecs INT"]
[Date "2020.11.08"]
[Round "8"]
[White "Rousval, Yann"]
[Black "Phialy, Sylvain"]
[Result "1-0"]
[WhiteElo "1656"]
[BlackElo "1631"]
[PlyCount "140"]
[EventDate "2020.11.08"]
[EventType "swiss (blitz)"]
[EventRounds "11"]
[EventCountry "FRA"]
[SourceTitle "CBM 199 Extra"]
[Source "ChessBase"]
[SourceDate "2021.01.31"]
[SourceVersion "1"]
[SourceVersionDate "2021.01.31"]
[SourceQuality "1"]

1. d4 Nf6 2. Bf4 d6 3. Nf3 g6 4. e3 Bg7 5. Be2 0-0 6. Nbd2 b6 7. c3 Bb7 8. Qb3 Nbd7 9. 0-0-0 Re8 10. h4 a5 11. Ng5 Rf8 12. Bc4 d5 13. Be2 c5 14. h5 a4 15. Qc2 e5 16. dxe5 Ne8 17. hxg6 fxg6 18. Rxh7 Nxe5 19. Rxg7+ Nxg7 20. Bxe5 Qxg5 21. Bxg7 Kxg7 22. Nf3 Qf6 23. Rh1 Rae8 24. Rh3 d4 25. exd4 cxd4 26. Nxd4 Qxf2 27. Qd3 Be4 28. Qb5 Qe1+ 29. Bd1 Bxg2 30. Qd7+ Re7 31. Qg4 Bxh3 32. Qxh3 Rf1 33. Qd3 Re3 34. Qd2 Qxd1+ 35. Qxd1 Rxd1+ 36. Kxd1 Rh3 37. Kd2 g5 38. Ne2 Rf3 39. Ke1 g4 40. Ng1 Rf6 41. Ke2 Kg6 42. Ke3 Kg5 43. Kd4 Kh4 44. Ne2 g3 45. Ke4 g2 46. Ng1 Rf1 47. Nf3+ Rxf3 48. Kxf3 g1Q 49. Ke4 Qc5 50. Kd3 b5 51. Kc2 Kg4 52. b4 Kf3 53. bxc5 Ke4 54. c6 Kd5 55. c7 Kc6 56. c8Q+ Kb6 57. Qe6+ Ka5 58. c4 Kb4 59. cxb5 Kxb5 60. Qd5+ Kb4 61. Qd4+ Kb5 62. a3 Ka5 63. Qb4+ Ka6 64. Qxa4+ Kb6 65. Qb4+ Kc6 66. a4 Kd5 67. a5 Kc6 68. a6 Kd5 69. a7 Kc6 70. a8Q+ Kc7 1-0

[Event "Europe Echecs Blitz Nov op"]
[Site "Europe Echecs INT"]
[Date "2020.11.08"]
[Round "9"]
[White "Trolong, Alain"]
[Black "Rousval, Yann"]
[Result "1-0"]
[WhiteElo "1303"]
[BlackElo "1656"]
[PlyCount "67"]
[EventDate "2020.11.08"]
[EventType "swiss (blitz)"]
[EventRounds "11"]
[EventCountry "FRA"]
[SourceTitle "CBM 199 Extra"]
[Source "ChessBase"]
[SourceDate "2021.01.31"]
[SourceVersion "1"]
[SourceVersionDate "2021.01.31"]
[SourceQuality "1"]

1. f4 d5 2. e3 Nf6 3. Nf3 b6 4. b3 Bb7 5. Bb2 Nbd7 6. Bb5 e6 7. Bxd7+ Qxd7 8. Ne5 Qe7 9. 0-0 0-0-0 10. Ba3 Qe8 11. Bb2 Bd6 12. c4 dxc4 13. Nxc4 Qe7 14. Be5 Bc5 15. Qe2 Ba6 16. Qf3 Bxc4 17. bxc4 Rd3 18. Qa8+ Kd7 19. Qxh8 Ne4 20. Qxg7 Rxd2 21. Nxd2 Bxe3+ 22. Kh1 Nf2+ 23. Rxf2 Bxf2 24. Ne4 Bh4 25. Bf6 Bxf6 26. Qxf6 Qe8 27. Qd4+ Kc8 28. Rd1 Kb7 29. c5 Qb5 30. cxb6 axb6 31. Qd3 Qb2 32. Qb3 Qe2 33. Nc5+ Kc6 34. Nd3 1-0

[Event "Europe Echecs online op April"]
[Site "Europe Echecs INT"]
[Date "2020.04.11"]
[Round "1"]
[White "Dourerassou, Jonathan"]
[Black "Rousval, Yann"]
[Result "1-0"]
[WhiteElo "2523"]
[BlackElo "1680"]
[PlyCount "91"]
[EventDate "2020.04.11"]
[EventType "swiss (blitz)"]
[EventRounds "11"]
[EventCountry "FRA"]
[SourceTitle "EXT 2021"]
[Source "ChessBase"]
[SourceDate "2020.10.23"]
[SourceVersion "1"]
[SourceVersionDate "2020.10.23"]
[SourceQuality "1"]

1. e4 d5 2. exd5 Qxd5 3. Nc3 Qd6 4. Nf3 a6 5. g3 Nf6 6. Bg2 Bf5 7. 0-0 Nc6 8. d3 0-0-0 9. Bf4 Qd7 10. Ne5 Nxe5 11. Bxe5 e6 12. Qf3 c6 13. h3 Bd6 14. Bxd6 Qxd6 15. Rfe1 h5 16. a3 g5 17. Qe3 g4 18. h4 Rhe8 19. Qa7 Kc7 20. Na4 Ra8 21. Qb6+ Kb8 22. Nc5 Qc7 23. Qb3 Kc8 24. Qc3 Nd5 25. Qd2 b6 26. Ne4 Kb7 27. c4 Bxe4 28. dxe4 Nf6 29. e5 Nd7 30. Qg5 Nc5 31. b4 Nd3 32. Re3 Rad8 33. b5 axb5 34. cxb5 Ka7 35. bxc6 Rd4 36. Qxh5 Red8 37. Qg5 Nxf2 38. Kxf2 Rd2+ 39. Re2 Rxe2+ 40. Kxe2 Qc8 41. Qe7+ Kb8 42. Qb7+ Qxb7 43. cxb7 Rd4 44. Rc1 Rd7 45. Rc8+ Ka7 46. Ra8# 1-0